Statistical Yearbook 1984

Gespeichert in:
Bibliographische Detailangaben
Format: Buch
Sprache:Englisch
Veröffentlicht: Budapest Hungarian Central Statistical Office 1986
Ausgabe:1. ed.
Tags: Tag hinzufügen
Keine Tags, Fügen Sie das erste Tag hinzu!

MARC

LEADER 00000nam a2200000 4500
001 c039390
005 20251203074638.5
041 0 |a eng 
044 |a HU 
245 1 0 |a Statistical Yearbook 1984 
250 |a 1. ed. 
264 1 |a Budapest  |b Hungarian Central Statistical Office  |c 1986 
300 |a 377 s.